Рыбы р. Печоры (Запись № 11530659)
[ простой вид ]
| 000 -МАРКЕР | |
|---|---|
| контрольное поле | 02888nam0a22004571 4500 |
| 001 - ИДЕНТИФИКАТОР ЗАПИСИ | |
| контрольное поле | RU\NLR\P19\A1SV\39792 |
| 005 - ИДЕНТИФИКАТОР ВЕРСИИ | |
| контрольное поле | 20260406161416.0 |
| 035 ## - ДРУГИЕ СИСТЕМНЫЕ НОМЕРА | |
| Идентификатор записи | (NLR Aleph) 011122778 |
| 100 ## - ДАННЫЕ ОБЩЕЙ ОБРАБОТКИ | |
| Данные общей обработки | 20120302d1924 u y0rusy50 ca |
| 101 0# - ЯЗЫК РЕСУРСА | |
| Язык текста, звукозаписи и т.д. | русский |
| -- | английский |
| 102 ## - СТРАНА ПУБЛИКАЦИИ ИЛИ ПРОИЗВОДСТВА | |
| Страна публикации | Российская Федерация |
| 105 ## - ПОЛЕ КОДИРОВАННЫХ ДАННЫХ: ТЕКСТОВЫЕ МАТЕРИАЛЫ, МОНОГРАФИЧЕСКИЕ | |
| Кодированные данные о монографическом текстовом документе | a z||||||z| |
| 200 1# - ЗАГЛАВИЕ И СВЕДЕНИЯ ОБ ОТВЕТСТВЕННОСТИ | |
| Основное заглавие | Рыбы р. Печоры |
| Сведения, относящиеся к заглавию | (материалы ихтиологических исследований, произведенных в 1920 г. при участии проф. С.А.Зернова и студентов Отд. рыбов. П. с.-х. акад.: М.С.Зернова, И.Л.Ловецкого и Н.С.Овсянникова) |
| Первые сведения об ответственности | проф. В. К. Солдатов |
| 210 ## - ПУБЛИКАЦИЯ, РАСПРОСТРАНЕНИЕ И ДР. | |
| Место издания, распространения и т.д. | Москва |
| -- | Петроград |
| Имя издателя, распространителя и т. д. | типография "Красный агитатор" |
| Дата издания, распространения и т.д. | 1924 |
| 215 ## - ФИЗИЧЕСКАЯ ХАРАКТЕРИСТИКА | |
| Специфическое обозначение материала и объем | 74 с. |
| Другие сведения о физической характеристике | ил., табл. |
| Размеры | 26 |
| 225 1# - СЕРИЯ | |
| Основное заглавие серии | [Труды] Научно-технический отдел ВСНХ |
| Обозначение тома | N° 6 |
| 225 1# - СЕРИЯ | |
| Основное заглавие серии | Труды Северной Научно-Промысловой экспедиции |
| Обозначение тома | вып. 17 |
| 300 ## - ОБЩИЕ ПРИМЕЧАНИЯ | |
| Текст примечания | На 3-я стр. текста пер. тит. л. на англ. яз. |
| 300 ## - ОБЩИЕ ПРИМЕЧАНИЯ | |
| Текст примечания | Напеч. в Петрограде |
| 300 ## - ОБЩИЕ ПРИМЕЧАНИЯ | |
| Текст примечания | В предисл. авт.: зав. Печор. отрядом Севэкспедиции проф. В.Солдатов |
| 320 ## - ПРИМЕЧАНИЯ О НАЛИЧИИ В ДОКУМЕНТЕ БИБЛИОГРАФИИ / УКАЗАТЕЛЯ | |
| Текст примечания | Библиогр. в подстроч. примеч. |
| 606 1# - НАИМЕНОВАНИЕ ТЕМЫ КАК ПРЕДМЕТ | |
| Наименование темы | Рыбы |
| Тематический подзаголовок | Бассейн |
| Географический подзаголовок | Печора, река (Северо-Восток Европейской части РФ) |
| Системный номер авторитетной/нормативной записи | 1902753 |
| Идентификатор авторитетной/нормативной записи | RU\NLR\AUTH\66866373 |
| 606 1# - НАИМЕНОВАНИЕ ТЕМЫ КАК ПРЕДМЕТ | |
| Наименование темы | Промысловые рыбы |
| Тематический подзаголовок | Бассейн |
| Географический подзаголовок | Печора, река (Северо-Восток Европейской части РФ) |
| Системный номер авторитетной/нормативной записи | 2104891 |
| Идентификатор авторитетной/нормативной записи | RU\NLR\AUTH\661576272 |
| 617 ## - ИЕРАРХИЧЕСКОЕ ГЕОГРАФИЧЕСКОЕ НАЗВАНИЕ, ИСПОЛЬЗУЕМОЕ КАК ПРЕДМЕТ | |
| Страна | |
| Другие географические объекты | Европейская часть |
| -- | Северо-Восток |
| -- | Печора, река |
| 620 ## - МЕСТО И ДАТА ПУБЛИКАЦИИ, ИСПОЛНЕНИЯ И Т. Д. | |
| Город | Москва |
| 620 ## - МЕСТО И ДАТА ПУБЛИКАЦИИ, ИСПОЛНЕНИЯ И Т. Д. | |
| Город | Санкт-Петербург |
| 686 ## - ИНДЕКСЫ ДРУГИХ КЛАССИФИКАЦИЙ | |
| Индекс | Е693.32(2Р31,5) |
| 686 ## - ИНДЕКСЫ ДРУГИХ КЛАССИФИКАЦИЙ | |
| Индекс | П729(2Р31,5) |
| 700 #1 - ИМЯ ЛИЦА - ПЕРВИЧНАЯ ОТВЕТСТВЕННОСТЬ | |
| Материалы, к которым относится поле | rus |
| Графика поля | Кириллица |
| Начальный элемент ввода | Солдатов |
| Часть имени, кроме начального элемента ввода | В. К. |
| Даты | 1875-1941 |
| Расширение инициалов личного имени | Владимир Константинович |
| Идентификатор авторитетной/нормативной записи | RU\NLR\AUTH\77112342 |
| Системный номер авторитетной/нормативной записи | 95267 |
| 702 #1 - ИМЯ ЛИЦА - ВТОРИЧНАЯ ОТВЕТСТВЕННОСТЬ | |
| Материалы, к которым относится поле | rus |
| Графика поля | Кириллица |
| Начальный элемент ввода | Зернов |
| Часть имени, кроме начального элемента ввода | С. А. |
| Даты | 1871-1945 |
| Расширение инициалов личного имени | Сергей Алексеевич |
| Идентификатор авторитетной/нормативной записи | RU\NLR\AUTH\77112343 |
| Системный номер авторитетной/нормативной записи | 95268 |
| 702 #1 - ИМЯ ЛИЦА - ВТОРИЧНАЯ ОТВЕТСТВЕННОСТЬ | |
| Материалы, к которым относится поле | rus |
| Графика поля | Кириллица |
| Начальный элемент ввода | Зернов |
| Часть имени, кроме начального элемента ввода | М. С. |
| Даты | 1901- |
| Расширение инициалов личного имени | Михаил Сергеевич |
| Идентификатор авторитетной/нормативной записи | RU\NLR\AUTH\77112344 |
| Системный номер авторитетной/нормативной записи | 95269 |
| 702 #1 - ИМЯ ЛИЦА - ВТОРИЧНАЯ ОТВЕТСТВЕННОСТЬ | |
| Материалы, к которым относится поле | rus |
| Графика поля | Кириллица |
| Начальный элемент ввода | Ловецкий |
| Часть имени, кроме начального элемента ввода | И. Л. |
| Идентификатор авторитетной/нормативной записи | RU\NLR\AUTH\77112346 |
| Системный номер авторитетной/нормативной записи | 95271 |
| 702 #1 - ИМЯ ЛИЦА - ВТОРИЧНАЯ ОТВЕТСТВЕННОСТЬ | |
| Материалы, к которым относится поле | rus |
| Графика поля | Кириллица |
| Начальный элемент ввода | Овсянников |
| Часть имени, кроме начального элемента ввода | Н. С. |
| Расширение инициалов личного имени | Николай Сергеевич |
| Идентификатор авторитетной/нормативной записи | RU\NLR\AUTH\77112347 |
| Системный номер авторитетной/нормативной записи | 95272 |
| 711 02 - НАИМЕНОВАНИЕ ОРГАНИЗАЦИИ - АЛЬТЕРНАТИВНАЯ ОТВЕТСТВЕННОСТЬ | |
| Начальный элемент ввода | Северная научно-промысловая экспедиция |
| Идентифицирующий признак | 1920- |
| Идентификатор авторитетной/нормативной записи | RU\NLR\AUTH\889932753 |
| Системный номер авторитетной/нормативной записи | 360770 |
| 801 #0 - ИСТОЧНИК ЗАПИСИ | |
| Страна | Российская Федерация |
| Организация | NLR |
| Дата составления | 20120302 |
| 801 #2 - ИСТОЧНИК ЗАПИСИ | |
| Страна | Российская Федерация |
| Организация | NLR |
| Дата составления | 20120524 |
| Источник данных | rusmarc |
| 852 ## - МЕСТОНАХОЖДЕНИЕ И ШИФР ХРАНЕНИЯ | |
| Идентификатор организации | NLR |
| Шифр хранения (Call Number) | 17.148.1.15-17 |
| 852 ## - МЕСТОНАХОЖДЕНИЕ И ШИФР ХРАНЕНИЯ | |
| Идентификатор организации | NLR |
| Шифр хранения (Call Number) | 17.148.1.15-17а |
| 942 ## - ДОПОЛНИТЕЛЬНЫЕ ЭЛЕМЕНТЫ ЗАПИСИ (АБИС) | |
| Тип экземпляра АБИС | Книга |
| 980 ## - КОЛЛЕКЦИЯ | |
| Название коллекции | Национальная библиография |
Нет доступных экземпляров.